ბათუმის შოთა რუსთაველის სახელმწიფო უნივერსიტეტის ბიბლიოთეკა

შოთა რუსთაველი და მისი პოემა=Шота Руставели и его поэма / (ბიბ.ჩანაწერი № 42043)

000 -ლიდერი
ფიქსირებული სიგრძის საკონტროლო ველი 01217nam a2200253Ia 4500
001 - საკონტროლო ნომერი
საკონტროლო ველი 8733
003 - საკონტროლო ნომრის იდენტიფიკატორი
საკონტროლო ველი GE_BSU
005 - ბოლო ოპერაციის თარიღი და დრო
საკონტროლო ველი 20240528115648.0
008 - ფიქსირებული სიგრძის მონაცემთა ელემენტები - ზოგადი ინფორმაცია
ფიქსირებული სიგრძის საკონტროლო ველი 181216s1966||||ge |||||||||||||| ||geo||
040 ## - კატალოგიზაციის წყარო
Transcribing agency GE_BSU
041 ## - ენის კოდი
Language code of text/sound track or separate title geo
080 ## - უნივერსალური ათობითი კლასიფიკაციის ინდექსი
Universal Decimal Classification number 821.353.1(092) ბ–25
100 ## - მთავარი ჩანაწერი - პიროვნების სახელი
Personal name ბარამიძე, ალ.
9 (RLIN) 4433
245 ## - ცნობა სათაურის შესახებ
Title შოთა რუსთაველი და მისი პოემა=Шота Руставели и его поэма /
Statement of responsibility, etc ალ. ბარამიძე ; რედაქტორი ც. კახაბრიშვილი ; საქართველოს სსრ მეცნიერებათა აკდემია.
264 ## - წარმოების, გამოცემის, დისტრიბუციის და სხვა ცნობები
გამოცემის, წარმოების, დისტრიბუციის... ადგილი თბილისი :
გამოცემის, წარმოების, დისტრიბუციის... სახელწოდება მეცნიერება,
გამოცემის, წარმოების, დისტრიბუციის... თარიღი 1966.
300 ## - ფიზიკური აღწერა
Extent 527გვ. ;
Dimensions 22 სმ.
300 ## - ფიზიკური აღწერა
Accompanying material პირთა საძიებ.გვ.516
500 ## - ზოგადი შენიშვნა
General note პირთა საძიებ. გვ.516
653 ## - INDEX TERM--UNCONTROLLED
Uncontrolled term Шота Руставели и его поэма
653 ## - INDEX TERM--UNCONTROLLED
Uncontrolled term შოთა რუსთაველი და მისი პოემა
700 ## - ADDED ENTRY--PERSONAL NAME
Personal name კახაბრიშვილი, ც.
Relator term რედაქტორი
9 (RLIN) 18648
942 ## - ADDED ENTRY ELEMENTS (KOHA)
Koha item type წიგნი
Source of classification or shelving scheme
ეგზემპლარები
ჩამოწერის სტატუსი დაკარგული ეგზემპლარის სტატუსი კლასიფიკაციის წყარო ან თაროზე გაწყობის სქემა დაზიანების სტატუსი არ გაიცემა მუდმივი მდებარეობა (დაცვის ადგილი) ამჟამინდელი ადგილსამყოფელი თაროზე განთავსების ადგილი შეძენის თარიღი ღირებულება, შესყიდვის ნორმალური ფასი სრული შენახვის შიფრი შტრიხკოდი ბოლო ოპერაციის თარიღი ეგზემპლარის მიმდევრობითი ნომერი (კეტერი?) ფასის ძალაში შესვლის თარიღი ეგზემპლარის სახეობა საჯარო შენიშვნა
          ბათუმის შოთა რუსთაველის სახელმწიფო უნივერსიტეტის მთავარი ბიბლიოთეკა ბათუმის შოთა რუსთაველის სახელმწიფო უნივერსიტეტის მთავარი ბიბლიოთეკა წიგნსაცავი 2018-12-17 10.00 821.353.1(092) ბ–25 26774 2018-12-17 26774 2018-12-17 წიგნი 10.00 ₾.